[Event "Gideon Japhet ACP Open 2018"]
[Site "Jerusalem"]
[Date "2018.07.04"]
[Round "5"]
[White "Musyuk, Lior"]
[Black "Khurtsilava, Inga"]
[Result "1-0"]
[WhiteElo "2160"]
[BlackElo "2282"]
[Annotator "TA"]
[PlyCount "129"]
[EventDate "2018.07.01"]
[EventType "swiss"]
[EventCountry "ISR"]
[SourceTitle "playchess.com"]
[Source "ChessBase"]
[SourceQuality "1"]

{[%evp 12,129,103,42,50,32,28,30,27,26,33,20,33,-4,32,40,41,38,32,43,196,187,166,173,176,184,223,227,195,165,217,216,195,195,241,242,237,204,210,192,206,160,427,406,497,497,508,504,512,497,506,512,493,512,512,512,510,512,512,512,509,502,495,436,446,425,512,502,500,499,519,485,519,519,618,615,597,599,29959,29962,29961,29963,29967,29963,29961,29964,29969,29970,29970,29968,29967,29968,29966,29966,29966,29966,29966,29967,29974,29975,29972,29973,29976,29977,29975,29977,29976,29977,29963,29958,29985,29986,29986,29987,29987,29976,29988,29989,29989,29990]} 1. e4 c6 2. d4 d5 3. Nc3 dxe4 4. Nxe4 Nf6 5. Nxf6+ gxf6 6. c3 h5 7. Bd3 {LiveBook: 6 Games. B16: Caro-Kann: Bronstein-Larsen Variation} ({Better is} 7. Bc4 $16) (7. Nf3 h4 8. h3 Bf5 9. Bd3 Bxd3 10. Qxd3 Qc7 11. Qe4 Nd7 12. Bf4 Qa5 13. a3 Qd5 14. Nd2 Qxe4+ 15. Nxe4 {0-1 (67) Rabiega,R (2514)-Tomashevsky,E (2714) Berlin 2018}) 7... Qd5 $14 8. Qf3 Bg4 9. Qxd5 {White has an edge.} cxd5 10. h3 Bd7 11. Ne2 $146 {[%cal Bg1e2,Be2c3,Bc3e4,Be4g5][%mdl 32]} ({Predecessor:} 11. Nf3 Nc6 12. Bf4 Bg7 13. O-O e6 14. Rfe1 Rc8 {0-1 (92) Britton,R (2139)-Cherniaev,A (2439) London 2016}) 11... e5 12. c4 Be6 13. Nc3 Bb4 14. cxd5 Bxd5 15. O-O $36 {[%mdl 2048] White fights for an advantage.} Bc6 $2 (15... Bxc3 $1 $14 16. bxc3 Rg8) 16. d5 $1 $18 {[%cal Rd5c6]} Bd7 {[#]} 17. f4 $1 Na6 18. Ne4 Be7 19. fxe5 fxe5 20. Bg5 {Hoping for Nf6+.} Nb4 (20... Nc5 {keeps fighting.}) 21. Bxe7 Kxe7 22. d6+ Kd8 23. Ng5 (23. Rxf7 Nxd3 24. Re7 Re8 $17) 23... Be6 24. Be4 Kd7 25. Rad1 Raf8 26. Bxb7 {Ne4 is the strong threat.} Bxa2 $2 (26... Nc2 $16 {is a better defense.}) 27. Ne4 Rb8 28. Nc5+ Kd8 29. b3 Bxb3 30. Rb1 ({Not} 30. Nxb3 Rxb7 31. Nc5 Rb5 $16) 30... Nd3 31. Nxd3 Rxb7 32. Nc5 Rb5 33. Nxb3 Kd7 34. Rxf7+ Kxd6 {Now ...Rhb8 and Black clings on.} 35. Rxa7 Rhb8 36. Rd1+ Ke6 37. Nd2 Rd8 38. Kf2 Rbd5 39. Ke2 Rg8 40. Rg1 Rb5 41. Ke3 Rg3+ 42. Nf3 Rb2 43. Ra6+ Ke7 44. Rh6 Rgxg2 45. Rxg2 {White mates.} Rxg2 46. Rxh5 {[%mdl 4096] Endgame KRN-KR} Kf6 47. Rxe5 Rg3 48. Rh5 Rg2 49. Kf4 Ra2 50. Rg5 Ra4+ {[#]} 51. Kg3 $1 Ra3 52. h4 Rb3 53. Kg4 Rb4+ 54. Kh5 Ra4 55. Nh2 Kf7 56. Ng4 Rb4 57. Kh6 Ra4 58. h5 Ra8 59. Kh7 Ra1 60. Rg7+ Kf8 61. Ne5 Rh1 62. Ng6+ Ke8 63. Re7+ Kd8 64. h6 Rg1 65. Kg7 {Precision: White = 77%, Black = 42%.} 1-0

[Event "Gideon Japhet ACP Open 2018"]
[Site "Jerusalem"]
[Date "2018.07.04"]
[Round "5"]
[White "Berenboym, Igor"]
[Black "Golberg, Igor"]
[Result "1/2-1/2"]
[WhiteElo "2116"]
[BlackElo "2132"]
[Annotator "NA"]
[PlyCount "64"]
[EventDate "2018.07.01"]
[EventType "swiss"]
[EventCountry "ISR"]
[SourceTitle "playchess.com"]
[Source "ChessBase"]
[SourceQuality "1"]
[TimeControl "40/5400+30:1800+30"]

1. e4 {[%emt 0:00:00]} e6 {[%emt 0:01:02]} 2. d4 {[%emt 0:00:21]} d5 {[%emt 0:00:02]} 3. Nd2 {[%emt 0:00:17]} c5 {[%emt 0:00:07]} 4. exd5 {[%emt 0:00:24]} Qxd5 {[%emt 0:00:16]} 5. Ngf3 {[%emt 0:00:10]} cxd4 {[%emt 0:00:09]} 6. Bc4 {[%emt 0:00:14]} Qd7 {[%emt 0:00:04]} 7. Nb3 {[%emt 0:00:59]} Nc6 {[%emt 0:00:14]} 8. Nbxd4 {[%emt 0:01:36]} Nxd4 {[%emt 0:00:19]} 9. Nxd4 {[%emt 0:01:29]} Qc7 {[%emt 0:00:17]} 10. Qe2 {[%emt 0:04:30]} a6 {[%emt 0:00:16]} 11. O-O {[%emt 0:02:56]} Bd6 {[%emt 0:01:02]} 12. Re1 {[%emt 0:12:30]} Ne7 {[%emt 0:00:18]} 13. Bg5 {[%emt 0:02:48]} Bxh2+ {[%emt 0:09:43]} 14. Kh1 {[%emt 0:01:52]} Bf4 {[%emt 0:00:02]} 15. Bxf4 {[%emt 0:21:39]} Qxf4 {[%emt 0:00:08]} 16. Rad1 {[%emt 0:00:05]} O-O {[%emt 0:01:03]} 17. g3 {[%emt 0:02:02]} Qc7 {[%emt 0:01:37]} 18. Kg2 {[%emt 0:04:23]} b5 {[%emt 0:00:08]} 19. Bd3 {[%emt 0:00:07]} Bb7+ {[%emt 0:00:12]} 20. f3 {[%emt 0:00:45]} g6 {[%emt 0:06:56]} 21. Qe3 {[%emt 0:04:16]} Nf5 {[%emt 0:04:02]} 22. Nxf5 {[%emt 0:05:49]} exf5 {[%emt 0:00:02]} 23. Bxf5 {[%emt 0:00:14]} Rad8 {[%emt 0:05:00]} 24. Rxd8 {[%emt 0:02:04]} Rxd8 {[%emt 0:00:02]} 25. Bd3 {[%emt 0:00:32]} Bd5 {[%emt 0:02:51]} 26. a3 {[%emt 0:05:04]} Qc6 {[%emt 0:00:27]} 27. Re2 {[%emt 0:00:26]} Qf6 {[%emt 0:00:46]} 28. b3 {[%emt 0:03:41]} Kg7 {[%emt 0:04:45]} 29. Be4 {[%emt 0:03:57]} Bxe4 {[%emt 0:02:03]} 30. Qxe4 {[%emt 0:00:14]} Rd4 {[%emt 0:02:31]} 31. Qe3 {[%emt 0:01:49]} Qd6 {[%emt 0:01:53]} 32. Qc3 {[%emt 0:01:32]} Kf8 {[%emt 0:03:32]} 1/2-1/2

[Event "Gideon Japhet ACP Open 2018"]
[Site "Jerusalem"]
[Date "2018.07.04"]
[Round "5"]
[White "Gorodetzky, Matan"]
[Black "Zanan, Evgeny"]
[Result "0-1"]
[WhiteElo "2060"]
[BlackElo "2497"]
[Annotator "ChessBase"]
[PlyCount "64"]
[EventDate "2018.07.01"]
[EventType "swiss"]
[EventCountry "ISR"]
[SourceTitle "playchess.com"]
[Source "ChessBase"]
[SourceQuality "1"]
[TimeControl "40/5400+30:1800+30"]

1. d4 {[%emt 0:00:11]} Nf6 {[%emt 0:00:00]} 2. c4 {[%emt 0:00:44]} g6 {[%emt 0:00:48]} 3. Nc3 {[%emt 0:00:20]} Bg7 {[%emt 0:00:06]} 4. Nf3 {[%emt 0:00:45]} O-O {[%emt 0:01:32]} 5. e3 {[%emt 0:03:39]} d6 {[%emt 0:04:14]} 6. Be2 {[%emt 0:00:50]} Nc6 {[%emt 0:05:10]} 7. O-O {[%emt 0:01:10]} e5 {[%emt 0:01:41]} 8. Re1 {[%emt 0:08:34]} h6 {[%emt 0:11:21]} 9. h3 {[%emt 0:05:48]} Re8 {[%emt 0:05:23]} 10. Bf1 {[%emt 0:16:14]} Nd7 {[%emt 0:06:21]} 11. dxe5 {[%emt 0:05:31]} dxe5 {[%emt 0:11:35]} 12. e4 {[%emt 0:11:57]} Nd4 {[%emt 0:04:11]} 13. Be3 {[%emt 0:05:32]} Nc5 {[%emt 0:02:45]} 14. Nb5 {[%emt 0:02:57]} Nce6 {[%emt 0:01:37]} 15. Bxd4 {[%emt 0:01:12]} exd4 {[%emt 0:04:04]} 16. e5 {[%emt 0:00:50]} a6 {[%emt 0:01:39]} 17. Nbxd4 {[%emt 0:02:46]} Nxd4 {[%emt 0:01:06]} 18. Nxd4 {[%emt 0:03:55]} Bxe5 {[%emt 0:08:45]} 19. Qd2 {[%emt 0:08:16]} c5 {[%emt 0:04:13]} 20. Nf3 {[%emt 0:01:19]} Qxd2 {[%emt 0:00:05]} 21. Nxd2 {[%emt 0:00:01]} Bd7 {[%emt 0:00:19]} 22. Ne4 {[%emt 0:04:33]} Bxb2 {[%emt 0:04:20]} 23. Rad1 {[%emt 0:00:43]} Bd4 {[%emt 0:01:09]} 24. Nd6 {[%emt 0:00:06]} Rxe1 {[%emt 0:00:28]} 25. Rxe1 {[%emt 0:00:03]} Bc6 {[%emt 0:01:28]} 26. Re7 {[%emt 0:06:11]} Bf6 {[%emt 0:01:00]} 27. Rc7 {[%emt 0:00:07]} Be5 {[%emt 0:00:28]} 28. Rc8+ {[%emt 0:00:02]} Rxc8 {[%emt 0:00:06]} 29. Nxc8 {[%emt 0:00:05]} Kf8 {[%emt 0:01:31]} 30. Bd3 {[%emt 0:00:29]} Bc7 {[%emt 0:00:51]} 31. Na7 {[%emt 0:00:13]} Bd7 {[%emt 0:00:11]} 32. Be4 {[%emt 0:00:45]} Bb8 {[%emt 0:00:14]} 0-1

[Event "Gideon Japhet ACP Open 2018"]
[Site "Jerusalem"]
[Date "2018.07.04"]
[Round "5"]
[White "Aizenberg, Benny"]
[Black "Parkhov, Yair"]
[Result "0-1"]
[WhiteElo "1887"]
[BlackElo "2364"]
[Annotator "NA"]
[PlyCount "76"]
[EventDate "2018.07.01"]
[EventType "swiss"]
[EventCountry "ISR"]
[SourceTitle "playchess.com"]
[Source "ChessBase"]
[SourceQuality "1"]
[TimeControl "40/5400+30:1800+30"]

1. e4 {[%emt 0:00:00]} c5 {[%emt 0:00:00]} 2. Nf3 {[%emt 0:00:00]} d6 {[%emt 0:00:00]} 3. d4 {[%emt 0:00:00]} cxd4 {[%emt 0:00:00]} 4. Nxd4 {[%emt 0:00:00]} Nf6 {[%emt 0:00:00]} 5. Nc3 {[%emt 0:00:00]} a6 {[%emt 0:00:00]} 6. h3 {[%emt 0:00:00]} b5 {[%emt 0:00:05]} 7. g4 {[%emt 0:00:03]} Bb7 {[%emt 0:00:10]} 8. Bg2 {[%emt 0:00:04]} Nc6 {[%emt 0:00:06]} 9. O-O {[%emt 0:00:59]} Nxd4 {[%emt 0:00:25]} 10. Qxd4 {[%emt 0:00:05]} e5 {[%emt 0:00:07]} 11. Qd3 {[%emt 0:01:11]} Be7 {[%emt 0:00:48]} 12. Be3 {[%emt 0:03:51]} b4 {[%emt 0:00:49]} 13. Ne2 {[%emt 0:04:07]} d5 {[%emt 0:01:53]} 14. exd5 {[%emt 0:01:52]} Bxd5 {[%emt 0:09:13]} 15. Ng3 {[%emt 0:05:00]} Bxg2 {[%emt 0:11:06]} 16. Kxg2 {[%emt 0:00:04]} Qxd3 {[%emt 0:22:32]} 17. cxd3 {[%emt 0:00:09]} h5 {[%emt 0:00:11]} 18. f3 {[%emt 0:00:40]} Nd5 {[%emt 0:03:43]} 19. Bd2 {[%emt 0:00:07]} hxg4 {[%emt 0:01:46]} 20. fxg4 {[%emt 0:00:50]} f6 {[%emt 0:02:43]} 21. Rae1 {[%emt 0:01:02]} Rc8 {[%emt 0:08:11]} 22. Rc1 {[%emt 0:00:31]} Kf7 {[%emt 0:00:44]} 23. Rc4 {[%emt 0:01:04]} Rhd8 {[%emt 0:07:20]} 24. Nf5 {[%emt 0:05:27]} Rxc4 {[%emt 0:01:46]} 25. dxc4 {[%emt 0:00:29]} Nb6 {[%emt 0:00:06]} 26. Be1 {[%emt 0:00:40]} Nxc4 {[%emt 0:00:49]} 27. b3 {[%emt 0:00:04]} g6 {[%emt 0:03:31]} 28. bxc4 {[%emt 0:04:04]} gxf5 {[%emt 0:00:06]} 29. Rxf5 {[%emt 0:00:12]} Rc8 {[%emt 0:00:45]} 30. g5 {[%emt 0:08:56]} Ke6 {[%emt 0:01:24]} 31. gxf6 {[%emt 0:00:26]} Kxf5 {[%emt 0:00:57]} 32. fxe7 {[%emt 0:00:08]} a5 {[%emt 0:00:45]} 33. a3 {[%emt 0:08:08]} bxa3 {[%emt 0:00:17]} 34. Bxa5 {[%emt 0:00:02]} Ke6 {[%emt 0:00:10]} 35. h4 {[%emt 0:05:04]} a2 {[%emt 0:03:04]} 36. Bc3 {[%emt 0:00:09]} Kxe7 {[%emt 0:00:26]} 37. Bxe5 {[%emt 0:03:25]} Rxc4 {[%emt 0:00:17]} 38. h5 {[%emt 0:00:05]} Rc5 {[%emt 0:00:13]} 0-1

[Event "Gideon Japhet ACP Open 2018"]
[Site "Jerusalem"]
[Date "2018.07.04"]
[Round "5"]
[White "Vagman, Roy"]
[Black "Slonimskij, Arkadij"]
[Result "1-0"]
[WhiteElo "1551"]
[BlackElo "2114"]
[Annotator "NA"]
[PlyCount "65"]
[EventDate "2018.07.01"]
[EventType "swiss"]
[EventCountry "ISR"]
[SourceTitle "playchess.com"]
[Source "ChessBase"]
[SourceQuality "1"]
[TimeControl "40/5400+30:1800+30"]

1. e4 {[%emt 0:00:00]} d5 {[%emt 0:00:00]} 2. exd5 {[%emt 0:00:34]} Nf6 {[%emt 0:00:00]} 3. Nf3 {[%emt 0:00:41]} Nxd5 {[%emt 0:00:01]} 4. d4 {[%emt 0:00:47]} Bg4 {[%emt 0:00:33]} 5. Bd3 {[%emt 0:01:20]} Nc6 {[%emt 0:00:52]} 6. c3 {[%emt 0:01:01]} e6 {[%emt 0:00:35]} 7. O-O {[%emt 0:02:46]} Bd6 {[%emt 0:06:32]} 8. Re1 {[%emt 0:05:24]} Nf4 {[%emt 0:04:34]} 9. Bxf4 {[%emt 0:05:56]} Bxf4 {[%emt 0:00:09]} 10. Re4 {[%emt 0:01:43]} Qf6 {[%emt 0:19:42]} 11. d5 {[%emt 0:00:59]} Bxf3 {[%emt 0:04:43]} 12. Qxf3 {[%emt 0:10:16]} Ne5 {[%emt 0:00:16]} 13. Qxf4 {[%emt 0:01:01]} Qxf4 {[%emt 0:00:51]} 14. Rxf4 {[%emt 0:01:36]} Nxd3 {[%emt 0:00:14]} 15. Rd4 {[%emt 0:00:06]} Nc5 {[%emt 0:02:11]} 16. Rc4 {[%emt 0:01:26]} b6 {[%emt 0:00:20]} 17. b4 {[%emt 0:00:05]} exd5 {[%emt 0:00:18]} 18. Rd4 {[%emt 0:00:06]} Ne4 {[%emt 0:02:29]} 19. Rxd5 {[%emt 0:00:17]} Rd8 {[%emt 0:00:20]} 20. Rxd8+ {[%emt 0:00:26]} Kxd8 {[%emt 0:00:02]} 21. f3 {[%emt 0:00:11]} Nd6 {[%emt 0:00:20]} 22. Nd2 {[%emt 0:04:37]} Re8 {[%emt 0:03:58]} 23. Kf2 {[%emt 0:03:12]} Nb5 {[%emt 0:00:48]} 24. Rc1 {[%emt 0:01:41]} Kd7 {[%emt 0:00:27]} 25. a4 {[%emt 0:01:07]} Nd6 {[%emt 0:00:16]} 26. c4 {[%emt 0:01:19]} c5 {[%emt 0:01:19]} 27. b5 {[%emt 0:05:16]} a6 {[%emt 0:04:30]} 28. Ra1 {[%emt 0:02:00]} Ra8 {[%emt 0:00:16]} 29. bxa6 {[%emt 0:02:33]} Rxa6 {[%emt 0:00:10]} 30. g4 {[%emt 0:00:29]} b5 {[%emt 0:04:05]} 31. Nb3 {[%emt 0:00:30]} Rb6 32. cxb5 {[%emt 0:06:13]} Nb7 {[%emt 0:06:05]} 33. a5 {[%emt 0:01:37]} 1-0

[Event "Gideon Japhet ACP Open 2018"]
[Site "Jerusalem"]
[Date "2018.07.05"]
[Round "6"]
[White "Nabaty, Tamir"]
[Black "Kobo, Ori"]
[Result "1-0"]
[WhiteElo "2692"]
[BlackElo "2508"]
[Annotator "TA"]
[PlyCount "205"]
[EventDate "2018.07.01"]
[EventType "swiss"]
[EventCountry "ISR"]
[SourceTitle "playchess.com"]
[Source "ChessBase"]
[SourceQuality "1"]

{[%evp 14,204,-2,0,0,0,7,0,34,28,25,31,20,30,35,18,21,22,65,42,69,57,35,32,40,24,39,26,33,22,43,31,83,48,94,87,95,83,73,80,85,52,86,38,38,36,52,0,0,0,50,58,50,56,62,3,3,4,20,0,0,0,30,0,0,0,0,0,0,-16,-16,-16,-20,-36,-60,-124,-128,-139,-141,-145,-137,-152,-164,-179,-158,-131,-75,-72,-74,-81,-22,-19,-8,-8,-8,-8,0,0,0,-8,-8,-8,0,0,0,0,8,8,8,8,8,6,6,0,8,8,80,80,80,80,80,80,80,80,638,638,638,638,638,638,638,638,638,638,638,638,638,638,638,638,638,638,638,638,638,638,638,638,638,638,638,638,638,638,638,638,638,638,638,638,638,638,638,638,638,638,638,638,29993,29990,29991,29992,29993,29991,29991,29992,29992,29992,29993,29993,29993,29994,29994,29995,29995,29996,29996,29997,29997,29998,29998,29999,29999]} 1. d4 Nf6 2. Nf3 d5 3. c4 e6 4. e3 Be7 5. b3 O-O 6. Bb2 c5 7. Nc3 cxd4 {A13: English Opening: 1...e6} 8. Nxd4 {LiveBook: 4 Games} a6 (8... dxc4 9. Bxc4 Bd7 10. O-O Nc6 11. Nf3 Rc8 12. Rc1 Qa5 13. Qe2 Rfd8 14. a3 Be8 15. Nb5 {½-½ (47) Vidit,S (2689)-Cheparinov,I (2689) Doha 2016}) 9. Rc1 dxc4 $146 {The position is equal.} ({Predecessor:} 9... Qa5 10. cxd5 Nxd5 11. Bc4 Nb6 12. Bd3 Rd8 13. Qc2 Qh5 14. Ne4 Bb4+ 15. Kf1 {0-1 (43) Suttles,D (2475)-Bachtiar,A (2360) Surakarta (Solo) 1982}) 10. Bxc4 Bd7 11. O-O Nc6 12. Nf3 Qa5 13. a3 Rfd8 14. b4 Qh5 15. Ne2 Ne4 16. Bd3 Bf6 17. Bxf6 (17. Qb3 {is more complex.} Bxb2 18. Qxb2 Nd6 19. Rfd1 Be8 20. Rd2) 17... Nxf6 18. Rc5 Qh6 $1 19. Qb1 Be8 20. Ng3 g6 21. Rfc1 Rd6 22. Be2 Rad8 (22... Qf8 $14) 23. a4 Rd5 24. b5 {Rxd5 is the strong threat.} (24. R5c4 {with more complications.} Qg7 25. b5 axb5 26. axb5 Ne7 27. Rc7) 24... axb5 25. axb5 {Black must now prevent Rxd5.} Rxc5 26. Rxc5 Ne7 27. Qa1 Ned5 28. Qd4 Nd7 29. Rc1 N7b6 30. Rd1 (30. Qd1 $14) 30... Rc8 $11 31. Ne4 {Strongly threatening Nd6.} (31. Ne5 {keeps more tension.} Qf8 32. Ne4 f5 33. Ng5 Qe7 34. h4) 31... Qg7 (31... Qf8 {seems wilder.} 32. Ne5 f5 33. Ng5 Qe7 34. h4 h6) 32. Nd6 Qxd4 33. Nxd4 Rb8 34. Rc1 (34. e4 $14 Nc3 35. Rc1 Nxe2+ 36. Nxe2) 34... Kf8 $1 35. e4 Nf4 36. Bf1 e5 37. Nf3 Nd7 38. Nd2 Ke7 39. N2c4 Ne6 40. Rd1 f6 41. g3 Ndc5 42. Rd5 Na4 43. Bh3 Bd7 {aiming for ...Nc7.} 44. b6 {[#]} (44. Kg2 $1 $15) 44... Bc6 $1 $17 {[%cal Rc6d5]} 45. Bxe6 Kxe6 46. Rd2 Rd8 47. f4 Nc5 48. h4 Ra8 49. f5+ gxf5 (49... Ke7 $142 50. Kf2 Nxe4+ 51. Nxe4 Bxe4) 50. exf5+ Ke7 51. g4 Rg8 (51... Nb3 $17 52. Rd3 Nd4) 52. g5 $1 $11 fxg5 53. Nxe5 gxh4+ 54. Kh2 Be4 55. Rd4 Kf6 56. Nec4 Bc6 57. Rxh4 Rg7 58. Rh6+ Kg5 59. f6 Kxh6 60. Nf5+ Kg5 61. fxg7 {[%mdl 4096] Endgame KBN-KNN} Bd5 $132 {[%mdl 2048] Black is fighting back} 62. Nce3 Be6 63. Ne7 Nd7 64. N3d5 Kh6 (64... h5 $11 {keeps the balance.}) 65. g8=R Bxg8 66. Nxg8+ Kg7 67. Nge7 Kf7 {[#]} 68. Nc8 $1 Nxb6 $2 {[%mdl 8192]} (68... Ke6 $16 69. Nc7+ Ke5) 69. Ncxb6 $18 h5 70. Kg3 h4+ 71. Kxh4 Ke6 72. Kg4 Ke5 73. Kf3 Kd4 74. Kf4 Kd3 75. Ke5 Ke2 76. Ke4 Kf2 77. Nf6 Ke2 78. Ng4 Kd2 79. Ne5 Ke2 80. Nf3 Kf2 81. Nd4 Kg3 82. Kf5 Kg2 83. Kg4 Kf2 84. Kf4 Kg2 85. Ne2 Kf2 86. Nc3 Kg2 87. Ne4 Kh3 88. Kg5 Kh2 89. Kh4 Kg2 90. Kg4 Kh2 91. Nf2 {White mates.} Kg2 92. Nd3 Kh2 93. Nf4 Kg1 94. Kf3 Kf1 95. Ng2 Kg1 96. Ne3 Kh2 97. Kg4 Kg1 98. Kg3 Kh1 99. Nbc4 b5 100. Nd2 b4 101. Nf3 b3 102. Ng4 {[%cal Rg4f2]} b2 103. Nf2# {Precision: White = 59%, Black = 56%.} 1-0

[Event "Gideon Japhet ACP Open 2018"]
[Site "Jerusalem"]
[Date "2018.07.05"]
[Round "6"]
[White "Boruchovsky, Avital"]
[Black "Kantsler, Boris"]
[Result "1-0"]
[WhiteElo "2558"]
[BlackElo "2422"]
[Annotator "ChessBase"]
[PlyCount "51"]
[EventDate "2018.07.01"]
[EventType "swiss"]
[EventCountry "ISR"]
[SourceTitle "playchess.com"]
[Source "ChessBase"]
[SourceQuality "1"]
[TimeControl "40/5400+30:1800+30"]

1. e4 {[%emt 0:00:00]} c5 {[%emt 0:00:00]} 2. Nf3 {[%emt 0:00:00]} e6 {[%emt 0:00:02]} 3. d4 {[%emt 0:00:00]} cxd4 {[%emt 0:00:05]} 4. Nxd4 {[%emt 0:00:00]} a6 {[%emt 0:00:03]} 5. c4 {[%emt 0:00:04]} Nf6 {[%emt 0:00:14]} 6. Nc3 {[%emt 0:00:06]} Qc7 {[%emt 0:00:33]} 7. Be2 {[%emt 0:01:11]} Bb4 {[%emt 0:00:37]} 8. Nc2 {[%emt 0:00:49]} Be7 {[%emt 0:00:10]} 9. O-O {[%emt 0:00:09]} O-O {[%emt 0:00:40]} 10. f4 {[%emt 0:00:06]} d6 {[%emt 0:00:24]} 11. g4 {[%emt 0:00:06]} Nc6 {[%emt 0:07:13]} 12. g5 {[%emt 0:00:47]} Nd7 {[%emt 0:00:03]} 13. Be3 {[%emt 0:01:30]} Rd8 {[%emt 0:05:39]} 14. Rc1 {[%emt 0:02:00]} Bf8 {[%emt 0:06:32]} 15. Qe1 {[%emt 0:04:28]} b6 {[%emt 0:03:38]} 16. Qh4 {[%emt 0:03:23]} g6 {[%emt 0:01:13]} 17. Nd4 {[%emt 0:01:18]} Nxd4 {[%emt 0:07:20]} 18. Bxd4 {[%emt 0:00:02]} Bb7 {[%emt 0:00:33]} 19. Nd5 {[%emt 0:02:41]} exd5 {[%emt 0:20:30]} 20. cxd5 {[%emt 0:00:33]} Nc5 {[%emt 0:04:41]} 21. Rc3 {[%emt 0:04:56]} Bg7 {[%emt 0:00:17]} 22. Bf6 {[%emt 0:00:36]} Re8 {[%emt 0:12:35]} 23. Rh3 {[%emt 0:00:47]} h5 {[%emt 0:00:24]} 24. gxh6 {[%emt 0:01:06]} Nxe4 {[%emt 0:00:40]} 25. hxg7 {[%emt 0:00:07]} Qc5+ {[%emt 0:00:05]} 26. Kg2 {[%emt 0:00:04]} 1-0

[Event "Gideon Japhet ACP Open 2018"]
[Site "Jerusalem"]
[Date "2018.07.05"]
[Round "6"]
[White "Bagrationi, Alexander"]
[Black "Gruenfeld, Yehuda"]
[Result "1-0"]
[WhiteElo "2539"]
[BlackElo "2419"]
[Annotator "ChessBase"]
[PlyCount "131"]
[EventDate "2018.07.01"]
[EventType "swiss"]
[EventCountry "ISR"]
[SourceTitle "playchess.com"]
[Source "ChessBase"]
[SourceQuality "1"]
[TimeControl "40/5400+30:1800+30"]

1. e4 {[%emt 0:07:48]} c5 {[%emt 0:00:11]} 2. Nf3 {[%emt 0:00:19]} d6 {[%emt 0:00:56]} 3. d4 {[%emt 0:00:09]} cxd4 {[%emt 0:00:05]} 4. Nxd4 {[%emt 0:00:03]} Nf6 {[%emt 0:00:05]} 5. Nc3 {[%emt 0:00:10]} a6 {[%emt 0:00:32]} 6. f3 {[%emt 0:00:24]} e6 {[%emt 0:06:09]} 7. Be3 {[%emt 0:01:14]} b5 {[%emt 0:00:06]} 8. g4 {[%emt 0:00:13]} Nfd7 {[%emt 0:01:33]} 9. Qe2 {[%emt 0:07:32]} Nb6 {[%emt 0:03:06]} 10. O-O-O {[%emt 0:05:17]} N8d7 {[%emt 0:02:32]} 11. a3 {[%emt 0:01:44]} Bb7 {[%emt 0:00:57]} 12. h4 {[%emt 0:08:31]} Rc8 {[%emt 0:02:25]} 13. Bd2 {[%emt 0:02:22]} Ne5 {[%emt 0:13:50]} 14. f4 {[%emt 0:09:05]} Nec4 {[%emt 0:00:08]} 15. Be1 {[%emt 0:00:10]} Qc7 {[%emt 0:05:24]} 16. Rh3 {[%emt 0:04:04]} Be7 {[%emt 0:06:15]} 17. f5 {[%emt 0:06:28]} e5 {[%emt 0:00:11]} 18. Nb3 {[%emt 0:00:33]} Bc6 {[%emt 0:11:28]} 19. Nd5 {[%emt 0:09:11]} Bxd5 {[%emt 0:02:10]} 20. exd5 {[%emt 0:00:07]} Na4 {[%emt 0:00:12]} 21. Bc3 {[%emt 0:02:57]} Nxc3 {[%emt 0:01:58]} 22. Rxc3 {[%emt 0:03:58]} Bxh4 {[%emt 0:00:08]} 23. Nd4 {[%emt 0:01:01]} O-O {[%emt 0:09:07]} 24. Nc6 {[%emt 0:02:22]} e4 {[%emt 0:03:28]} 25. Rxc4 {[%emt 0:04:40]} bxc4 {[%emt 0:00:10]} 26. Qxe4 {[%emt 0:00:02]} c3 {[%emt 0:05:12]} 27. b4 {[%emt 0:00:59]} Rfe8 {[%emt 0:00:44]} 28. Qf4 {[%emt 0:00:53]} h6 {[%emt 0:00:48]} 29. Kb1 {[%emt 0:00:20]} Bg5 {[%emt 0:01:49]} 30. Qd4 {[%emt 0:03:59]} Bf6 {[%emt 0:01:18]} 31. Qf4 {[%emt 0:00:43]} Ra8 {[%emt 0:04:23]} 32. Bd3 {[%emt 0:00:30]} a5 {[%emt 0:00:11]} 33. b5 {[%emt 0:00:15]} Qb6 {[%emt 0:00:42]} 34. Qc4 {[%emt 0:02:18]} Re3 {[%emt 0:04:05]} 35. Ka2 {[%emt 0:01:15]} Rae8 {[%emt 0:00:38]} 36. Rf1 {[%emt 0:00:02]} a4 {[%emt 0:01:49]} 37. Rb1 {[%emt 0:04:36]} Re1 {[%emt 0:08:10]} 38. Rxe1 {[%emt 0:00:27]} Rxe1 {[%emt 0:00:04]} 39. Qxa4 {[%emt 0:00:03]} Qg1 {[%emt 0:00:19]} 40. Qa7 {[%emt 0:00:09]} Ra1+ {[%emt 0:01:08]} 41. Kb3 {[%emt 0:30:03]} Qxa7 {[%emt 0:28:31]} 42. Nxa7 {[%emt 0:00:00]} Bd4 {[%emt 0:00:01]} 43. Nc6 {[%emt 0:00:00]} Bc5 {[%emt 0:00:04]} 44. Nb4 {[%emt 0:00:00]} Kf8 {[%emt 0:01:08]} 45. Na2 {[%emt 0:00:00]} Ke7 {[%emt 0:01:40]} 46. a4 {[%emt 0:00:00]} Rb1+ {[%emt 0:00:13]} 47. Kxc3 {[%emt 0:00:00]} Bb6 {[%emt 0:00:15]} 48. Kc4 {[%emt 0:00:00]} Ba5 {[%emt 0:00:39]} 49. c3 {[%emt 0:00:00]} Rg1 {[%emt 0:01:09]} 50. Nb4 {[%emt 0:00:00]} Rxg4+ {[%emt 0:00:39]} 51. Kb3 {[%emt 0:00:00]} Bxb4 {[%emt 0:02:14]} 52. cxb4 {[%emt 0:00:00]} Kd8 {[%emt 0:00:14]} 53. b6 {[%emt 0:00:00]} Rg3 {[%emt 0:00:02]} 54. Kc2 {[%emt 0:00:00]} Kc8 {[%emt 0:03:23]} 55. Ba6+ {[%emt 0:00:00]} Kb8 {[%emt 0:00:05]} 56. a5 {[%emt 0:00:00]} Rg2+ {[%emt 0:01:39]} 57. Kb3 {[%emt 0:00:00]} Rg3+ {[%emt 0:01:09]} 58. Ka4 {[%emt 0:03:52]} Rg1 {[%emt 0:00:37]} 59. Bb5 {[%emt 0:00:21]} Ra1+ {[%emt 0:00:07]} 60. Kb3 {[%emt 0:00:01]} h5 {[%emt 0:01:08]} 61. Kb2 {[%emt 0:00:30]} Re1 {[%emt 0:00:35]} 62. a6 {[%emt 0:00:18]} Re7 {[%emt 0:00:14]} 63. Bc6 {[%emt 0:01:26]} h4 {[%emt 0:00:06]} 64. a7+ {[%emt 0:00:13]} Rxa7 {[%emt 0:00:04]} 65. bxa7+ {[%emt 0:00:01]} Kxa7 {[%emt 0:00:10]} 66. f6 {[%emt 0:00:14]} 1-0